000 00713nam a2200217 i 4500
001 174415
003 ES-MaACL
005 20230906215524.0
008 100419q1997 sp ao |||| |dspa d
080 _a008(460.27 M.)"17/19"
080 _a394
245 0 0 _aTertulias de Madrid.
260 _aMadrid :
_bConsejería de Economía, Dirección General de Turismo,
_c[ ca. 1997]
300 _a[32] p. :
_bil. col., fot. ;
_c23 cm.
490 1 _aArte y costumbres de Madrid
651 4 _aMadrid-
_xVida intelectual.
_9161508
710 2 _aMadrid (Comunidad).
_bDirección General de Turismo.
_9142528
830 1 _aArte y costumbres de Madrid
_9223693
852 _aES-MaACL
_j2256-F-2
999 _c174415
_d174415